Bioenergética y enzimas /

Guardado en:
Autor Principal: Capozzo, A.
Otros Autores: Fernández, A.
Formato: Libro
Publicado: Buenos Aires : Eudeba, 1997
Series:Cuadernos de Biología ; 2
Materias:
Etiquetas: Agregar Etiqueta
Sin Etiquetas, Sea el primero en etiquetar este registro!
LEADER 00915nam a22002415a 4500
001 CEM.cems016422
005 20090917170311.0
008 130507s1997##################000#0#####d
003 CEMS
020 |a 9502306406 
082 0 4 |a 574 
100 1 |a Capozzo, A. 
245 1 0 |a Bioenergética y enzimas /  |c A. Capozzo y A. Fernández 
260 |a Buenos Aires :  |b Eudeba,  |c 1997 
300 |a 54 p. 
490 0 |a Cuadernos de Biología ; 2 
505 0 |a Transformaciones de la energía -- ATP -- Las enzimas -- Características de la enzimas -- Actividad enzimática -- Cofactores -- Los mecanismos de regulación de la actividad enzimática -- Tipos de enzimas 
653 |a Enzimas 
653 |a Biología 
653 |a Energía-transformaciones 
700 1 |a Fernández, A. 
859 |a CEMS  |b BIB. CEMS - Agricultura  |h 574  |i C173  |p A19717.98  |t Ej.1  |v 2  |3 2 
859 |a CEMS  |b BIB. CEMS - 11 de abril  |h 574  |i C176  |p 20172.98  |t Ej.1  |v 2  |3 2